| 000 | 00689nam a2200181Ia 4500 | ||
|---|---|---|---|
| 008 | 100920s9999 xx 000 0 und d | ||
| 082 |
_b53682 _a37 थ 86 |
||
| 100 | _aखळदकर अरविंद के. | ||
| 245 | _aशेअर बाजाराशी मैत्री. | ||
| 260 |
_bकौशिक प्रकाशन, सातारा. _c1986 |
||
| 300 |
_a229 _bसाधी |
||
| 365 | _b45 | ||
| 520 | _aुउदयोजक विभाग. | ||
| 630 | _aशेअर बाजाराशी मैत्री. | ||
| 650 | _aुउदयोजक विभाग. | ||
| 730 | _aशेअर बाजाराशी मैत्री. | ||
| 942 | _cBOOK | ||
| 999 |
_c698678 _d698675 |
||